Kaddish for a child not born / (Record no. 328634)

000 -LEADER
fixed length control field 01367pam a2200361 a 4500
001 - CONTROL NUMBER
control field 1179002
003 - CONTROL NUMBER IDENTIFIER
control field Nust
005 - DATE AND TIME OF LATEST TRANSACTION
control field 20170412160934.0
008 - FIXED-LENGTH DATA ELEMENTS--GENERAL INFORMATION
fixed length control field 970221s1997 ilu 000 1 eng
010 ## - LIBRARY OF CONGRESS CONTROL NUMBER
LC control number 97003095
020 ## - INTERNATIONAL STANDARD BOOK NUMBER
International Standard Book Number 0810111764 (cloth : alk. paper)
020 ## - INTERNATIONAL STANDARD BOOK NUMBER
International Standard Book Number 0810111616 (pbk. : alk. paper)
040 ## - CATALOGING SOURCE
Original cataloging agency DLC
Transcribing agency DLC
Modifying agency DLC
041 1# - LANGUAGE CODE
Language code of text/sound track or separate title eng
Language code of original hun
043 ## - GEOGRAPHIC AREA CODE
Geographic area code e-hu---
050 00 - LIBRARY OF CONGRESS CALL NUMBER
Classification number PH3281.K3815
Item number K313 1997
082 00 - DEWEY DECIMAL CLASSIFICATION NUMBER
Classification number 894.511334 KER
Edition number 21
100 1# - MAIN ENTRY--PERSONAL NAME
Personal name Kertész, Imre,
Dates associated with a name 1929-2016.
240 10 - UNIFORM TITLE
Uniform title Kaddis a meg nem született gyermekért.
Language of a work English
245 10 - TITLE STATEMENT
Title Kaddish for a child not born /
Statement of responsibility, etc. Imre Kertész ; translated by Christopher C. Wilson and Katharina M. Wilson.
260 ## - PUBLICATION, DISTRIBUTION, ETC.
Place of publication, distribution, etc. Evanston, Ill. :
Name of publisher, distributor, etc. Hydra Books,
Date of publication, distribution, etc. 1997.
300 ## - PHYSICAL DESCRIPTION
Extent 95 p. ;
Dimensions 24 cm.
650 #0 - SUBJECT ADDED ENTRY--TOPICAL TERM
Topical term or geographic name entry element Holocaust survivors
Form subdivision Fiction.
650 #0 - SUBJECT ADDED ENTRY--TOPICAL TERM
Topical term or geographic name entry element Jews
Geographic subdivision Hungary
Form subdivision Fiction.
651 #0 - SUBJECT ADDED ENTRY--GEOGRAPHIC NAME
Geographic name Hungary
Form subdivision Fiction.
700 1# - ADDED ENTRY--PERSONAL NAME
Personal name Wilson, Christopher C.
700 1# - ADDED ENTRY--PERSONAL NAME
Personal name Wilson, Katharina M.
856 42 - ELECTRONIC LOCATION AND ACCESS
Materials specified Contributor biographical information
Uniform Resource Identifier <a href="http://www.loc.gov/catdir/bios/nwern051/97003095.html">http://www.loc.gov/catdir/bios/nwern051/97003095.html</a>
906 ## - LOCAL DATA ELEMENT F, LDF (RLIN)
a 7
b cbu
c orignew
d 1
e ocip
f 19
g y-gencatlg
942 ## - ADDED ENTRY ELEMENTS (KOHA)
Source of classification or shelving scheme
Koha item type Book
Holdings
Withdrawn status Lost status Source of classification or shelving scheme Damaged status Not for loan Permanent Location Current Location Date acquired Total Checkouts Full call number Barcode Date last seen Price effective from Koha item type
          School of Civil and Environmental Engineering (SCEE) School of Civil and Environmental Engineering (SCEE) 04/12/2017   894.511334 KER NIT-8397 04/12/2017 04/12/2017 Book
© 2023 Central Library, National University of Sciences and Technology. All Rights Reserved.